Pèadagogische Schriften / (Record no. 79507)

MARC details
000 -LEADER
campo de control de longitud fija 00643nam a2200181 i 4500
001 - NÚMERO DE CONTROL
campo de control 79507
003 - IDENTIFICADOR DE NÚMERO DE CONTROL
campo de control ES-MaACL
005 - FECHA Y HORA DE LA ÚLTIMA TRANSACCIÓN
campo de control 20230906174007.0
007 - CAMPO FIJO DE DESCRIPCIÓN FÍSICA--INFORMACIÓN GENERAL
campo de control de longitud fija t|
008 - DATOS DE LONGITUD FIJA--INFORMACIÓN GENERAL
campo de control de longitud fija 041021s1922 gw ||||1| ger d
100 1# - ENTRADA PRINCIPAL--NOMBRE DE PERSONA
Nombre de persona Herbart, Johann Friedrich.
9 (RLIN) 147761
245 10 - MENCIÓN DEL TÍTULO
Título Pèadagogische Schriften /
Mención de responsabilidad, etc. Johan Friedrich Herbart ; mit Herbart's Biographie herausgegeben von Griedr[ich] Bartholomèai ; Achte auflage ... von E. von Sallwürk.
260 ## - PUBLICACIÓN, DISTRIBUCIÓN, ETC.
Lugar de publicación, distribución, etc. Langensalza :
Nombre del editor, distribuidor, etc. Hermann Beyer,
Fecha de publicación, distribución, etc. 1922.
300 ## - DESCRIPCIÓN FÍSICA
Extensión 2 v. ;
Dimensiones 22 cm.
700 1# - ENTRADA AGREGADA--NOMBRE PERSONAL
Nombre de persona Griedrich, Bartholomèai.
9 (RLIN) 127561
700 1# - ENTRADA AGREGADA--NOMBRE PERSONAL
Nombre de persona Salwürk, E. von.
9 (RLIN) 102142
852 ## - LOCALIZACIÓN
Ubicación ES-MaACL
Número de control de estantería G-15166-15167
Holdings
Estatus retirado Estado de pérdida Estado de daño No para préstamo Biblioteca de origen Biblioteca actual Ubicación en estantería Fecha de adquisición Fuente de adquisición Total de préstamos Signatura topográfica completa Código de barras Visto por última vez Precio de reemplazo Tipo de ítem Koha
        Biblioteca del Ateneo de Madrid Biblioteca del Ateneo de Madrid Sala Pecera Planta 3 17/01/2008     G-15166-15167 1083141 23/02/2023 23/02/2023 Libro impreso